| 000 | 00977cam a22002534a 4500 | ||
|---|---|---|---|
| 003 | OSt | ||
| 008 | 240203b |||||||| |||| 00| 0 eng d | ||
| 020 | _a184407319X (hardback) | ||
| 020 | _a9781844073191 | ||
| 041 | _aeng | ||
| 082 | 0 | 0 |
_a628.1 _bPER/WA |
| 245 | 0 | 0 | _aWater governance for sustainable development / |
| 260 |
_aLondon ; _aSterling, VA : _bEarthscan, _c2006. |
||
| 300 |
_axxiv, 295 p. : _bill., maps ; |
||
| 500 | _a"The idea of the present book originated during the international workshop on Water Resource Management for Local Development: Governance, Institutions and Policies (WRM2004, Loskop Dam, South Africa, 8-11 November 2004)"--Acknowledgements. | ||
| 650 | 0 |
_aSustainable development _95783 |
|
| 650 | 0 |
_aWater-supply _95805 |
|
| 650 | 0 |
_aWater quality management _95799 |
|
| 650 | 0 |
_aWater resources development _91195 |
|
| 700 | 1 |
_aPerret, S. _95806 |
|
| 700 | 1 |
_aFarolfi, Stefano. _95807 |
|
| 700 | 1 |
_aHassan, Rashid M. _95808 |
|
| 942 | _cBK | ||
| 999 |
_c14048 _d14048 |
||